000 00302nam a22001337a 4500
008 170803b xxu||||| |||| 00| 0 eng d
020 _a9780071634229
041 _aeng
080 _a004
100 _a32
101 _aSHKI
245 _aORACLE ENTERPRISE MANAGER 10G
_cGRUYTER, W.D
942 _2udc
_cBK
999 _c22650
_d22650